Catalog

Record Details

Catalog Search



Glamour gurlz : the ultimate step-by-step guide to ... Read More

Schlip, Joanna.(Author).

Available copies

  • 1 of 1 copy available at LARL/NWRL Consortium.

Current holds

0 current holds with 1 total copy.

Show Only Available Copies
Location Call Number / Copy Notes Barcode Shelving Location Status Due Date
Greenbush Public Library ya 646.7 SCH (Text) 35500004940308 Main Available -

Record details

  • ISBN: 0307339351
  • ISBN: 9780307339355
  • Physical Description: 191 p. : col. ill. ; 28 cm.
  • Edition: 1st ed.
  • Publisher: New York : Clarkson Potter, c2006.
Subject: Teenage girls > Health and hygiene > Juvenile literature.
Beauty, Personal > Juvenile literature.
Cosmetics > Juvenile literature.
LDR 01071cam a22003138a 4500
001133896
003LARL_NWRL_CONSORTIUM
00520061011063458.0
008060509s2006 nyu 000 0 eng
010 . ‡a2006015139
020 . ‡a0307339351
020 . ‡a9780307339355
040 . ‡aDLC ‡cDLC ‡dBAKER ‡dOCO ‡dGZD
042 . ‡apcc
049 . ‡aNRG
08200. ‡a646.7/042 ‡222
092 . ‡a646.7042 ‡bS344
1001 . ‡aSchlip, Joanna.
24510. ‡aGlamour gurlz : ‡bthe ultimate step-by-step guide to great makeup and gurl smarts / ‡cJoanna Schlip.
2463 . ‡aGlamour girls.
250 . ‡a1st ed.
260 . ‡aNew York : ‡bClarkson Potter, ‡cc2006.
300 . ‡a191 p. : ‡bcol. ill. ; ‡c28 cm.
650 0. ‡aTeenage girls ‡xHealth and hygiene ‡vJuvenile literature. ‡0(LARL_NWRL_CONSORTIUM)175444
650 0. ‡aBeauty, Personal ‡vJuvenile literature. ‡0(LARL_NWRL_CONSORTIUM)163675
650 0. ‡aCosmetics ‡vJuvenile literature. ‡0(LARL_NWRL_CONSORTIUM)171670
901 . ‡a133896 ‡bISxN ‡c133896 ‡tbiblio

Additional Resources